[Event "Titled Tue 27th May Late"]
[Site "chess.com INT"]
[Date "2025.05.27"]
[Round "7"]
[White "Lazaro Azcutia, Miguel"]
[Black "Schulz, Michael1"]
[Result "0-1"]
[WhiteTitle "CM"]
[BlackTitle "FM"]
[WhiteElo "2275"]
[BlackElo "2069"]
[WhiteFideId "54538254"]
[BlackFideId "4616731"]
[EventDate "2025.05.27"]

1. e4 g6 2. d4 Bg7 3. Nc3 c5 4. dxc5 Bxc3+ 5. bxc3 Qa5 6. Qd4 Nf6 7. f3 Nc6 8.
Qc4 b6 9. cxb6 axb6 10. Qb3 O-O 11. Bd3 Qc5 12. Ne2 d5 13. exd5 Nxd5 14. Qb5 Qd6
15. Bh6 Ra5 16. Qb3 Re8 17. O-O Be6 18. c4 Nf6 19. Kh1 Nd4 20. Nxd4 Qxd4 21.
Rfe1 Rea8 22. Be3 Qh4 23. Qxb6 Rxa2 24. Rxa2 Qxe1+ 25. Bg1 Rxa2 26. Qd8+ Kg7 27.
Qxe7 Ra1 28. Qc5 Nd7 29. Qd4+ f6 30. f4 Kf7 31. c5 Qxg1+ 32. Qxg1 Rxg1+ 33. Kxg1
Nxc5 34. Be2 Bf5 35. c3 Ke6 36. Bc4+ Kd6 37. Bg8 h6 38. Bh7 Bd3 39. Kf2 g5 40.
Bg8 gxf4 41. Kf3 Ke5 42. g3 Be4+ 43. Kf2 Nd3+ 44. Ke2 f3+ 45. Ke3 f2 46. Ke2 Bg2 0-1

[Event "Titled Tue 27th May Late"]
[Site "chess.com INT"]
[Date "2025.05.27"]
[Round "7"]
[White "Zlatkov, Anton"]
[Black "Zhigalko, Sergei"]
[Result "1-0"]
[WhiteTitle "FM"]
[BlackTitle "GM"]
[WhiteElo "2322"]
[BlackElo "2572"]
[WhiteFideId "15005402"]
[BlackFideId "13502956"]
[EventDate "2025.05.27"]

1. e4 c5 2. Nf3 d6 3. d4 cxd4 4. Nxd4 Nf6 5. Nc3 a6 6. Bd3 g6 7. f3 Bg7 8. Be3
Nc6 9. Qd2 Nxd4 10. Bxd4 b5 11. Nd5 O-O 12. Nxf6+ Bxf6 13. Bxf6 exf6 14. O-O-O
Be6 15. Kb1 d5 16. Qh6 Rc8 17. h4 d4 18. h5 Rc7 19. g4 Qd6 20. f4 Bc4 21. Rdf1
Rfc8 22. g5 Bxd3 23. cxd3 Qc6 24. a3 f5 25. exf5 gxf5 26. g6 fxg6 27. hxg6 Qc2+
28. Ka1 Qc6 29. Rfg1 Kh8 30. Qh5 Rg8 31. Qxf5 Rcg7 32. Qe5 Qc7 33. Rxh7# 1-0

[Event "Titled Tue 27th May Late"]
[Site "chess.com INT"]
[Date "2025.05.27"]
[Round "7"]
[White "Lazavik, Denis"]
[Black "Moroni, Luca Jr"]
[Result "1-0"]
[WhiteTitle "GM"]
[BlackTitle "GM"]
[WhiteElo "2577"]
[BlackElo "2546"]
[WhiteFideId "13515110"]
[BlackFideId "865834"]
[EventDate "2025.05.27"]

1. d4 g6 2. c4 Bg7 3. e4 d6 4. Nc3 c5 5. Nge2 Nc6 6. d5 Nd4 7. Be3 Qb6 8. Na4
Qa5+ 9. Bd2 Qd8 10. Bc3 e5 11. dxe6 Nxe6 12. Bxg7 Nxg7 13. Nac3 Ne7 14. Nf4 O-O
15. Be2 Ne6 16. Qd2 Nd4 17. O-O Be6 18. Rad1 Nec6 19. Nfd5 Kg7 20. Kh1 f5 21.
Bd3 Qh4 22. f4 Rae8 23. Rde1 Bxd5 24. Nxd5 fxe4 25. Bxe4 Re6 26. g3 Qd8 27. Bg2
Rfe8 28. Rxe6 Rxe6 29. Nc3 Qe7 30. g4 Qf8 31. f5 Re5 32. f6+ Kh8 33. Ne4 Nd8 34.
b4 Nf7 35. bxc5 dxc5 36. h3 b6 37. a4 h5 38. a5 Qc8 39. axb6 axb6 40. Qf4 Ne6
41. Qg3 Qf8 42. gxh5 gxh5 43. Ra1 Neg5 44. Nxg5 Rxg5 45. Qf4 Kh7 46. Be4+ Kh6
47. h4 Qc8 48. hxg5+ Nxg5 49. Qf5 1-0

[Event "Titled Tue 27th May Late"]
[Site "chess.com INT"]
[Date "2025.05.27"]
[Round "7"]
[White "Danzer, George"]
[Black "Borisov, Yuri"]
[Result "0-1"]
[WhiteTitle "CM"]
[BlackTitle "FM"]
[WhiteElo "2172"]
[BlackElo "2285"]
[WhiteFideId "4659465"]
[BlackFideId "1503928"]
[EventDate "2025.05.27"]

1. e4 e6 2. d4 d5 3. Nc3 dxe4 4. Nxe4 Nd7 5. Nf3 Ngf6 6. Ng3 Be7 7. Bd3 O-O 8.
O-O b6 9. c3 Bb7 10. Bf4 c5 11. dxc5 Nxc5 12. Bc2 Nd5 13. Be5 Bf6 14. Re1 Qe7
15. Qe2 Rad8 16. Nh5 Bxe5 17. Qxe5 f6 18. Qg3 e5 19. Nh4 Bc8 20. b4 Qf7 21. Nxg7
Qxg7 22. bxc5 Qxg3 23. hxg3 bxc5 24. Bb3 Kg7 25. c4 Nb4 26. Rad1 Be6 27. f3 a5
28. g4 Nd3 29. Re3 Nf4 30. Rxd8 Rxd8 31. g3 Rd3 32. Rxd3 Nxd3 33. Kf1 Nc1 34.
Ng2 a4 0-1

[Event "Titled Tue 27th May Late"]
[Site "chess.com INT"]
[Date "2025.05.27"]
[Round "7"]
[White "Khlebovich, Alexander"]
[Black "Bluebaum, Matthias"]
[Result "0-1"]
[WhiteTitle "IM"]
[BlackTitle "GM"]
[WhiteElo "2423"]
[BlackElo "2660"]
[WhiteFideId "4169123"]
[BlackFideId "24651516"]
[EventDate "2025.05.27"]

1. d4 d5 2. c4 e6 3. Nf3 Nf6 4. g3 Nc6 5. Bg2 Bd6 6. O-O O-O 7. b3 dxc4 8. bxc4
e5 9. Bb2 exd4 10. Nxd4 Be5 11. e3 Bg4 12. Qd2 Re8 13. h3 Bh5 14. Na3 Qd7 15. g4
Bg6 16. Rad1 Rad8 17. Qc1 Bxd4 18. Bxd4 Nxd4 19. Rxd4 Qe7 20. Rxd8 Rxd8 21. Bxb7
h5 22. gxh5 Nxh5 23. Rd1 Rxd1+ 24. Qxd1 Qxa3 25. Qd8+ Kh7 26. Qxc7 Qxa2 27. c5
Nf6 28. Bf3 Qb1+ 29. Kg2 Be4 30. Qxa7 Bxf3+ 31. Kxf3 Qf5+ 32. Kg2 Ne4 33. f3
Nxc5 34. e4 Qg5+ 35. Kf1 Qc1+ 36. Kg2 Qd2+ 37. Kg3 Qg5+ 38. Kf2 Nd3+ 39. Ke2
Nf4+ 40. Kd1 f6 41. Qd7 Qg1+ 42. Kc2 Qg2+ 43. Kb1 Qxh3 44. Qd2 Qxf3 45. Qh2+ Kg6
46. e5 Qf1+ 47. Kc2 Qg2+ 48. Qxg2+ Nxg2 49. e6 Nf4 0-1

[Event "Titled Tue 27th May Late"]
[Site "chess.com INT"]
[Date "2025.05.27"]
[Round "7"]
[White "Nouali, Mohamed"]
[Black "Cernov, Henrik"]
[Result "1-0"]
[WhiteTitle "FM"]
[BlackTitle "FM"]
[WhiteElo "2157"]
[BlackElo "2325"]
[WhiteFideId "5502462"]
[BlackFideId "16258312"]
[EventDate "2025.05.27"]

1. e4 c5 2. Nf3 e6 3. d4 cxd4 4. Nxd4 Nf6 5. Nc3 Nc6 6. Nxc6 bxc6 7. e5 Nd5 8.
Ne4 Qc7 9. f4 Qb6 10. c4 Ne3 11. Qd3 Bb4+ 12. Bd2 Ba6 13. b3 O-O 14. Bxb4 Qxb4+
15. Kf2 Nf5 16. g4 Ne7 17. g5 Nf5 18. Bh3 Rad8 19. Bxf5 exf5 20. Nd6 g6 21. h4
Qc5+ 22. Qe3 Qa3 23. h5 Qb2+ 24. Kg3 Kg7 25. Rhd1 c5 26. Qd2 Qa3 27. Qc3 h6 28.
e6+ Kh7 29. e7 hxg5 30. Qf6 gxf4+ 31. Kxf4 g5+ 32. Kf3 Rde8 33. Qxf5+ Kh6 34.
Qf6+ Kh7 35. Nf5 g4+ 36. Kg3 Qb2 37. Qxb2 f6 38. exf8=Q Rxf8 39. Rxd7+ Kh8 40.
Qd2 1-0

[Event "Titled Tue 27th May Late"]
[Site "chess.com INT"]
[Date "2025.05.27"]
[Round "7"]
[White "Papasimakopoulos, Alexandros"]
[Black "Pham, Le Thao Nguyen"]
[Result "1-0"]
[WhiteTitle "IM"]
[BlackTitle "IM"]
[WhiteElo "2366"]
[BlackElo "2388"]
[WhiteFideId "4244125"]
[BlackFideId "12401226"]
[EventDate "2025.05.27"]

1. d4 d5 2. c4 c6 3. cxd5 cxd5 4. Bf4 Nc6 5. e3 Nf6 6. Nc3 a6 7. Bd3 Bg4 8. Nge2
e6 9. O-O Be7 10. Rc1 O-O 11. Na4 Nd7 12. Bg3 Bh5 13. h3 Bg6 14. Nf4 Rc8 15.
Bxg6 hxg6 16. Nd3 Nb4 17. Nxb4 Bxb4 18. Qb3 Qa5 19. a3 b5 20. axb4 Qxa4 21. Qxa4
bxa4 22. Bc7 Nf6 23. Bd6 Rfe8 24. Bc5 Ne4 25. Ra1 Nd2 26. Rfd1 Nc4 27. Rdb1 Nd2
28. Re1 Nc4 29. Rxa4 Nxb2 30. Rxa6 Rc7 31. Rea1 g5 32. b5 Rb7 33. b6 Nc4 34. Ra7
Rxb6 35. Bxb6 Nxb6 36. Rb7 Nc4 37. Raa7 Rf8 38. Rd7 g6 39. Re7 Nd6 40. Red7 Ne4
41. f3 Nf6 42. Re7 Nh5 43. g4 Nf6 44. Kg2 Nh7 45. Kf2 Nf6 46. Ke2 Ne8 47. e4 Nf6
48. Ke3 Kg7 49. Rxe6 Rb8 50. Ree7 Rb3+ 51. Kd2 Rxf3 52. Rxf7+ Kg8 53. Rg7+ Kh8
54. e5 Ne4+ 55. Ke2 Rf8 56. Rh7+ 1-0

[Event "Titled Tue 27th May Late"]
[Site "chess.com INT"]
[Date "2025.05.27"]
[Round "7"]
[White "Galchenko, Matvey"]
[Black "Bykov, Egor"]
[Result "1-0"]
[WhiteTitle "IM"]
[BlackTitle "FM"]
[WhiteElo "2442"]
[BlackElo "2441"]
[WhiteFideId "24175480"]
[BlackFideId "34115290"]
[EventDate "2025.05.27"]

1. f4 d5 2. Nf3 g6 3. g3 Bg7 4. Bg2 c6 5. O-O Qb6+ 6. d4 Nf6 7. c4 Bf5 8. Nc3
O-O 9. Ne5 Rd8 10. e3 Ne4 11. Qe2 Nxc3 12. bxc3 Qa6 13. a4 Nd7 14. Ba3 Nxe5 15.
fxe5 Rd7 16. Rf2 Qxc4 17. Qxc4 dxc4 18. Rb2 Rc8 19. a5 Bd3 20. Bc5 a6 21. Ra4 f6
22. e6 Rdc7 23. e4 Bh6 24. Rab4 Be3+ 25. Kh1 Bc1 26. Ra2 Rb8 27. Ba7 Ra8 28. Bb6
Rcc8 29. Bc5 Rc7 30. Bf3 h5 31. Kg2 Kg7 32. h3 h4 33. gxh4 1-0

[Event "Titled Tue 27th May Late"]
[Site "chess.com INT"]
[Date "2025.05.27"]
[Round "7"]
[White "Sukandar, Irine Kharisma"]
[Black "Chen, Yidong"]
[Result "1-0"]
[WhiteTitle "IM"]
[WhiteElo "2330"]
[BlackElo "2038"]
[WhiteFideId "7101937"]
[BlackFideId "8607028"]
[EventDate "2025.05.27"]

1. Nf3 Nf6 2. b3 c5 3. Bb2 Nc6 4. e3 g6 5. d4 cxd4 6. Nxd4 Bg7 7. Be2 O-O 8. O-O
d6 9. c4 Bd7 10. Bf3 Rc8 11. Nc3 a6 12. Rc1 Qa5 13. Qe2 Ne5 14. Bxb7 Rb8 15. Bd5
e6 16. Bf3 Nxf3+ 17. Nxf3 Bc6 18. Rfd1 Rfd8 19. Nd4 Ba8 20. Na4 Qg5 21. f3 Bh6
22. Nc2 Nh5 23. Rd4 Ng7 24. Rcd1 Nf5 25. Rg4 Qh5 26. e4 Ng7 27. Bc1 Bxc1 28.
Rxc1 Qe5 29. Rd1 h5 30. Rg3 h4 31. Rg4 h3 32. Ne3 hxg2 33. Nxg2 Bc6 34. Nb2 d5
35. Nd3 Qd4+ 36. Nf2 Qc5 37. exd5 exd5 38. cxd5 Bxd5 39. Rgd4 Ne6 40. R4d2 Qc6
41. Ng4 Bxf3 42. Nf6+ Kg7 43. Qe5 Kf8 44. Nd7+ Rxd7 45. Rxd7 1-0

[Event "Titled Tue 27th May Late"]
[Site "chess.com INT"]
[Date "2025.05.27"]
[Round "7"]
[White "Pereyra, Horacio"]
[Black "Arya G Mallar"]
[Result "1-0"]
[BlackTitle "WCM"]
[WhiteElo "2133"]
[BlackElo "2014"]
[WhiteFideId "113700"]
[BlackFideId "25115324"]
[EventDate "2025.05.27"]

1. d4 Nf6 2. Nc3 d5 3. Bg5 Qd6 4. Nf3 c6 5. e3 g6 6. Bd3 Bg7 7. Qe2 O-O 8. Ne5
b5 9. a3 a5 10. O-O Nbd7 11. f4 Bb7 12. Rae1 b4 13. axb4 axb4 14. Nd1 Ne4 15.
Bxe4 dxe4 16. Nf2 c5 17. Rd1 Ba6 18. Qe1 Bxf1 19. dxc5 Qxc5 20. Nxd7 Qxc2 21.
Qxf1 Rfd8 22. Bxe7 Rdc8 23. Nb6 Qxb2 24. Nxa8 Rxa8 25. Rb1 Qd2 26. Bxb4 Qxe3 27.
Qe1 Qxf4 28. Qxe4 Qxe4 29. Nxe4 Bd4+ 30. Kf1 Ra2 31. Nd2 Be3 32. Ke2 Bg5 33. Kd3
h5 34. Bc3 Ra6 35. Rb8+ Kh7 36. Rh8# 1-0

[Event "Titled Tue 27th May Late"]
[Site "chess.com INT"]
[Date "2025.05.27"]
[Round "7"]
[White "Toncheva, Nadya"]
[Black "Garbuz, Vitaliy"]
[Result "1/2-1/2"]
[WhiteTitle "FM"]
[BlackTitle "CM"]
[WhiteElo "2332"]
[BlackElo "2224"]
[WhiteFideId "2924056"]
[BlackFideId "12990710"]
[EventDate "2025.05.27"]

1. e4 c5 2. Nf3 Nc6 3. c3 Nf6 4. e5 Nd5 5. Bc4 e6 6. O-O d6 7. d4 cxd4 8. cxd4
Be7 9. Qe2 O-O 10. Rd1 Na5 11. Bd3 Nb4 12. exd6 Qxd6 13. Be4 f5 14. Bc2 Nxc2 15.
Qxc2 Bd7 16. Nc3 Bf6 17. Qe2 Nc6 18. d5 Ne5 19. dxe6 Nxf3+ 20. Qxf3 Qxe6 21. Bf4
Bc6 22. Qg3 Rad8 23. Re1 Qc4 24. Rac1 Rd3 25. Re3 Rfd8 26. h3 Bxc3 27. Rxc3 Rd1+
28. Kh2 Qf1 29. Qg5 Qh1+ 30. Kg3 Qxg2+ 31. Kh4 Qxf2+ 32. Rg3 R8d7 33. Re3 R1d4
34. Re8+ Kf7 35. Qxg7+ Kxe8 36. Qg8+ Ke7 37. Qg7+ Ke8 38. Qg8+ Ke7 39. Qg7+ Ke8 1/2-1/2

[Event "Titled Tue 27th May Late"]
[Site "chess.com INT"]
[Date "2025.05.27"]
[Round "7"]
[White "Zuferi, Enis"]
[Black "Jahnz, Laurin"]
[Result "1/2-1/2"]
[WhiteTitle "FM"]
[BlackTitle "CM"]
[WhiteElo "2351"]
[BlackElo "2233"]
[WhiteFideId "24692530"]
[BlackFideId "16261089"]
[EventDate "2025.05.27"]

1. d4 d5 2. c4 e6 3. Nc3 c6 4. Nf3 f5 5. Bf4 Nf6 6. e3 Be7 7. h3 O-O 8. Bd3 Ne4
9. Rc1 Nd7 10. O-O g5 11. Bh2 Rf7 12. Ne5 Nxe5 13. Bxe5 Bf6 14. f4 Bxe5 15. fxe5
Rg7 16. Bxe4 fxe4 17. Rf6 Bd7 18. Qg4 Qe8 19. Rcf1 h5 20. Qg3 Qe7 21. Ne2 Qb4
22. cxd5 cxd5 23. h4 Bb5 24. Qf2 Qxb2 25. Re1 gxh4 26. Nf4 Qxf2+ 27. Kxf2 Rc8
28. Kg1 Rc2 29. Kh2 Rxa2 30. Rc1 Bc4 31. Kh3 Ra3 32. Re1 Rg3+ 33. Kxh4 Raxe3 34.
Rxe3 Rxe3 35. Nxe6 Re2 36. g4 e3 37. Kg5 Rg2 38. Kxh5 e2 39. Rf8+ Kh7 40. Rf7+
Kg8 41. Rf8+ Kh7 42. Ng5+ Kg7 43. Ne6+ Kh7 1/2-1/2

[Event "Titled Tue 27th May Late"]
[Site "chess.com INT"]
[Date "2025.05.27"]
[Round "7"]
[White "Petrus, Adrian"]
[Black "Schuster, Karsten"]
[Result "0-1"]
[WhiteTitle "CM"]
[BlackTitle "FM"]
[WhiteElo "2203"]
[BlackElo "2266"]
[WhiteFideId "14573652"]
[BlackFideId "4611071"]
[EventDate "2025.05.27"]

1. e4 d5 2. exd5 Qxd5 3. Nc3 Qd8 4. d4 Nf6 5. Be3 c6 6. Qd2 Bg4 7. f3 Bh5 8. g4
Bg6 9. h4 h5 10. g5 Nd5 11. Nxd5 Qxd5 12. Bd3 Bxd3 13. Qxd3 g6 14. O-O-O Qxa2
15. Ne2 e6 16. Bf4 Na6 17. Be5 Rg8 18. Nc3 Qa5 19. Ne4 Be7 20. Nf6+ Bxf6 21.
Bxf6 Nb4 22. Qc4 Nd5 23. Rhe1 Nxf6 24. gxf6 O-O-O 25. Re5 Rd5 26. f4 Rgd8 27.
Kb1 Qb6 28. c3 Kb8 29. Rde1 Qb5 30. Qxb5 cxb5 31. Kc2 Kc7 32. Ra1 a6 33. b4 Kb6
34. Rae1 a5 35. bxa5+ Kxa5 36. Ra1+ Kb6 37. Kb3 Rc8 38. Rxd5 exd5 39. Re1 Rc6
40. f5 gxf5 41. Rf1 Rxf6 42. Rf4 Kc6 43. Kb4 b6 44. Kb3 Kd7 45. Kb4 Ke6 46. Kxb5
Rg6 47. Kxb6 Rg3 48. Kb5 Rxc3 49. Kb4 Re3 50. Kc5 Re4 51. Rf2 Rxh4 52. Re2+ Re4
53. Rh2 h4 54. Ra2 f4 55. Ra6+ Kf5 56. Kxd5 f3 57. Ra7 f6 58. Ra3 Rf4 59. Ra1 f2
60. Rf1 h3 61. Kc4 h2 62. Kd3 h1=Q 63. Rxh1 f1=Q+ 64. Rxf1 Rxf1 0-1

[Event "Titled Tue 27th May Late"]
[Site "chess.com INT"]
[Date "2025.05.27"]
[Round "7"]
[White "Barria Zuniga, Daniel"]
[Black "Kravtsiv, Martyn"]
[Result "1-0"]
[WhiteTitle "IM"]
[BlackTitle "GM"]
[WhiteElo "2341"]
[BlackElo "2598"]
[WhiteFideId "3400816"]
[BlackFideId "14113147"]
[EventDate "2025.05.27"]

1. d4 d5 2. c4 e6 3. Nf3 Nf6 4. Nc3 Be7 5. Bg5 O-O 6. Qc2 h6 7. Bxf6 Bxf6 8.
O-O-O dxc4 9. e4 c5 10. e5 Be7 11. d5 b5 12. dxe6 Qa5 13. Qe4 b4 14. Nd5 Nc6 15.
Nxe7+ Nxe7 16. exf7+ Kh8 17. Bxc4 Bf5 18. Qh4 b3 19. a3 Qc7 20. Rd6 Bh7 21. Rhd1
Nf5 22. Qf4 Nxd6 23. exd6 Qd8 24. Ne5 a5 25. Bd3 Qf6 26. g3 Rad8 27. Bxh7 Kxh7
28. d7 c4 29. Qxf6 gxf6 30. Nc6 Kg7 31. Rd4 Kxf7 32. Nxd8+ Rxd8 33. Kd2 Ke6 34.
Kc3 a4 35. Kxc4 Ke5 36. Rd2 Ke4 37. Kb4 1-0

[Event "Titled Tue 27th May Late"]
[Site "chess.com INT"]
[Date "2025.05.27"]
[Round "7"]
[White "Morris-Suzuki, Alan H"]
[Black "Liu, Jason"]
[Result "0-1"]
[BlackTitle "CM"]
[WhiteElo "1986"]
[BlackElo "2064"]
[WhiteFideId "30933218"]
[BlackFideId "2514656"]
[EventDate "2025.05.27"]

1. Nf3 b6 2. c4 Bb7 3. Nc3 e6 4. e4 Bb4 5. Qc2 d6 6. Qa4+ Nc6 7. d4 Bxc3+ 8.
bxc3 Qd7 9. Qc2 e5 10. Bd3 Nf6 11. O-O h6 12. Nh4 exd4 13. Nf5 Rg8 14. Nxd4 Ne5
15. Re1 O-O-O 16. Bf1 Rde8 17. a4 a5 18. f4 Neg4 19. h3 Bxe4 20. Qd1 h5 21. hxg4
hxg4 22. f5 Rh8 23. Bf4 Rh5 24. c5 Reh8 25. Ba6+ Kd8 26. cxd6 cxd6 27. Bb5 Qc7
28. Kf2 g3+ 29. Bxg3 Qxc3 30. Nc6+ Kc8 31. Rc1 Rxf5+ 32. Kg1 Qxg3 33. Ne5+ Kb7
34. Ba6+ Kxa6 35. Qe2+ Ka7 36. Rc7+ Kb8 37. Rb7+ Kxb7 38. Qb5 Qxg2# 0-1

[Event "Titled Tue 27th May Late"]
[Site "chess.com INT"]
[Date "2025.05.27"]
[Round "7"]
[White "Reprintsev, Alexander"]
[Black "Dovgaliuk, Oleksandr"]
[Result "1-0"]
[WhiteTitle "IM"]
[WhiteElo "2256"]
[BlackElo "2240"]
[WhiteFideId "14100541"]
[BlackFideId "14167247"]
[EventDate "2025.05.27"]

1. e4 c5 2. Nc3 a6 3. d4 cxd4 4. Qxd4 d6 5. Be3 Nf6 6. O-O-O e5 7. Qd2 Be6 8. f3
Nbd7 9. g4 h6 10. h4 b5 11. g5 hxg5 12. Bxg5 Be7 13. Bh3 b4 14. Bxe6 bxc3 15.
Bxd7+ Nxd7 16. Qxd6 Bxg5+ 17. Kb1 Be7 18. Qd5 Rb8 19. b3 Rb5 20. Qc6 Rc5 21.
Qxa6 Rh6 22. Qa4 Rd6 23. Ne2 Qa5 24. Qxa5 Rxa5 25. Nxc3 Rxd1+ 26. Nxd1 g6 27. h5
gxh5 28. Rxh5 Nf6 29. Rh8+ Kd7 30. Nb2 Ke6 31. Rb8 Ra6 32. Nd3 Nd7 33. Rh8 f6
34. a4 Nc5 35. Nb2 Rd6 36. b4 Na6 37. c3 Rd2 38. Rc8 Rf2 39. Rc6+ Kf7 40. Rxa6
Rxf3 41. Kc2 Re3 42. b5 Rxe4 43. b6 Bd6 44. b7 Bb8 45. Ra8 Bd6 46. b8=Q Bxb8 47.
Rxb8 f5 48. a5 f4 49. a6 f3 50. a7 Re2+ 51. Kb3 f2 52. a8=Q 1-0

[Event "Titled Tue 27th May Late"]
[Site "chess.com INT"]
[Date "2025.05.27"]
[Round "7"]
[White "Svane, Frederik"]
[Black "Aronian, Levon"]
[Result "1/2-1/2"]
[WhiteTitle "GM"]
[BlackTitle "GM"]
[WhiteElo "2671"]
[BlackElo "2747"]
[WhiteFideId "12923044"]
[BlackFideId "13300474"]
[EventDate "2025.05.27"]

1. e4 e6 2. d4 d5 3. exd5 exd5 4. h3 Bd6 5. Nf3 Ne7 6. c4 c6 7. Nc3 O-O 8. Bd3
dxc4 9. Bxc4 Na6 10. O-O Nc7 11. Re1 Be6 12. Bxe6 Nxe6 13. Bg5 Re8 14. Bh4 Qd7
15. Bxe7 Bxe7 16. Qb3 Nxd4 17. Nxd4 Qxd4 18. Qxb7 Bh4 19. Rf1 Qb6 20. Qxb6 axb6
21. Rfd1 Re6 22. Re1 Rae8 23. Rxe6 Rxe6 24. Kf1 f5 25. a4 Bf6 26. a5 bxa5 27.
Rxa5 g6 28. Ra8+ Kf7 29. Ra7+ Re7 30. Ra6 Re6 31. Ra7+ Be7 32. g3 Kf6 33. Rb7 h5
34. b4 Bd6 35. b5 Be5 36. bxc6 Rxc6 37. Rb6 Rxb6 38. Nd5+ Ke6 39. Nxb6 Bd4 40.
Nc4 Kd5 41. Nd2 g5 42. Ke2 Bc3 43. Nf3 Bf6 44. g4 fxg4 45. hxg4 h4 46. Ng1 Ke4
47. Nh3 Be7 48. f3+ Ke5 49. f4+ gxf4 50. Kf3 Kf6 51. Nxf4 Bd6 52. g5+ Kxg5 53.
Kg2 Kxf4 54. Kh1 Kg3 55. Kg1 h3 56. Kh1 h2 1/2-1/2

[Event "Titled Tue 27th May Late"]
[Site "chess.com INT"]
[Date "2025.05.27"]
[Round "7"]
[White "Demchenko, Anton"]
[Black "Lisenkov, Svyatoslav"]
[Result "1-0"]
[WhiteTitle "GM"]
[BlackTitle "CM"]
[WhiteElo "2619"]
[BlackElo "2241"]
[WhiteFideId "4160258"]
[BlackFideId "34264183"]
[EventDate "2025.05.27"]

1. e4 c5 2. Nf3 d6 3. d4 cxd4 4. Nxd4 Nf6 5. Nc3 a6 6. a3 e5 7. Nf5 d5 8. Bg5 d4
9. Bxf6 gxf6 10. Nb1 Qb6 11. Nd2 Be6 12. b4 Nd7 13. Bc4 Qc7 14. Bb3 Nb6 15. O-O
O-O-O 16. Qf3 Qc3 17. Qd3 Qxd3 18. cxd3 Bxb3 19. Nxb3 Na4 20. f4 Nc3 21. fxe5
fxe5 22. g3 Rg8 23. Kg2 Rd7 24. Rf3 Nb5 25. Na5 Rg6 26. Nc4 Re6 27. h4 Kb8 28.
h5 Rc7 29. g4 Nc3 30. Re1 b5 31. Na5 Na4 32. g5 Rc2+ 33. Kg3 Nc3 34. Kg4 Rg2+
35. Ng3 h6 36. g6 Be7 37. Rxf7 Bf6 38. g7 Bxg7 39. Rxg7 Rf6 40. Kh3 Rgf2 41. Nf5
Rf3+ 42. Rg3 Rf4 43. Reg1 Rf2 44. Rg8+ Kc7 45. R1g7+ 1-0

[Event "Titled Tue 27th May Late"]
[Site "chess.com INT"]
[Date "2025.05.27"]
[Round "7"]
[White "Bahmani, Koorosh"]
[Black "Swara Lakshmi S Nair"]
[Result "0-1"]
[WhiteTitle "CM"]
[BlackTitle "WCM"]
[WhiteElo "2208"]
[BlackElo "2178"]
[WhiteFideId "42576750"]
[BlackFideId "25629239"]
[EventDate "2025.05.27"]

1. Nf3 Nf6 2. g3 g6 3. Bg2 Bg7 4. O-O O-O 5. d4 d5 6. c4 c6 7. a4 Bf5 8. Nc3 Ne4
9. a5 dxc4 10. Qa4 Nxc3 11. bxc3 Be4 12. Qxc4 Nd7 13. Qb3 Qc7 14. Bf4 Qc8 15.
Rfd1 Re8 16. Ng5 Bd5 17. Bxd5 cxd5 18. Qxd5 e6 19. Qb3 b6 20. axb6 Nxb6 21. Ne4
Qc6 22. Nc5 e5 23. Be3 exd4 24. Bxd4 Rxe2 25. Re1 Rae8 26. Rxe2 Rxe2 27. Qd1 Qf3
28. Qf1 Bxd4 29. cxd4 Nc4 30. Qg2 Qxg2+ 31. Kxg2 Rd2 32. Rxa7 Rxd4 33. Rc7 Rd2
34. Kf3 Nd6 35. Rd7 Kf8 36. Kg2 Ke8 37. Ra7 Rc2 38. Nd3 Ne4 39. Kf3 Nd2+ 40. Kf4
Nc4 41. Kg5 Rd2 0-1

[Event "Titled Tue 27th May Late"]
[Site "chess.com INT"]
[Date "2025.05.27"]
[Round "7"]
[White "Sobek, Jaroslav"]
[Black "Hercegovac, Neven"]
[Result "0-1"]
[WhiteTitle "FM"]
[BlackTitle "FM"]
[WhiteElo "2195"]
[BlackElo "2211"]
[WhiteFideId "301388"]
[BlackFideId "2839135"]
[EventDate "2025.05.27"]

1. d4 Nf6 2. c4 e6 3. Bf4 c5 4. d5 exd5 5. cxd5 d6 6. Nc3 g6 7. Nf3 Bg7 8. h3
O-O 9. e3 a6 10. a4 Qe7 11. Nd2 Nbd7 12. Nc4 Ne8 13. Be2 Rb8 14. a5 b5 15. axb6
Nxb6 16. Nxb6 Rxb6 17. Ra2 Rxb2 18. Rxb2 Bxc3+ 19. Rd2 Nf6 20. O-O Bxd2 21. Qxd2
Bb7 22. Bf3 Ne4 23. Qb2 f5 24. Qb6 Bxd5 25. Bxe4 Qxe4 26. f3 Qe6 27. Rd1 Rc8 28.
Qxa6 Rd8 29. Qb6 Rd7 30. Kh2 Kg7 31. e4 fxe4 32. fxe4 Qxe4 33. Qb2+ Kg8 34. Bh6
Qe5+ 35. Qxe5 dxe5 36. Re1 e4 37. Be3 c4 38. Rc1 Rb7 39. Kg3 Rb3 40. Kf4 Rb2 41.
Ke5 Bf7 42. g4 Rh2 43. Kxe4 Rxh3 44. Rd1 h5 0-1

[Event "Titled Tue 27th May Late"]
[Site "chess.com INT"]
[Date "2025.05.27"]
[Round "7"]
[White "Shapiro, Daniel"]
[Black "Vazelakis, Dimitrios"]
[Result "1-0"]
[WhiteTitle "FM"]
[WhiteElo "2284"]
[BlackElo "1857"]
[WhiteFideId "2001780"]
[BlackFideId "4203674"]
[EventDate "2025.05.27"]

1. d4 e6 2. c4 f5 3. Bf4 Nf6 4. e3 Bb4+ 5. Nc3 Ne4 6. Qc2 Bxc3+ 7. bxc3 b6 8. f3
Nf6 9. Bg5 h6 10. Bh4 g5 11. Bf2 O-O 12. Bd3 Bb7 13. Ne2 d5 14. O-O-O Nbd7 15.
e4 fxe4 16. cxd5 exd3 17. Qxd3 Kg7 18. dxe6 Nb8 19. Ng3 Qd5 20. Nf5+ Kh8 21. Ne7
Qxe6 22. Ng6+ Kg7 23. Nxf8 Kxf8 24. Qg6 Qf7 25. Qxh6+ Qg7 26. Qh3 Nbd7 27. Rhe1
Re8 28. Qf5 Bd5 29. Be3 Be6 30. Qxg5 Qxg5 31. Bxg5 Nd5 32. Kb2 Bf5 33. g3 Rxe1
34. Rxe1 b5 35. h4 a5 36. g4 Bd3 37. Re6 b4 38. cxb4 axb4 39. h5 Kf7 40. Re1
N7b6 41. Rc1 Nc4+ 42. Kb3 Nd2+ 43. Bxd2 1-0

[Event "Titled Tue 27th May Late"]
[Site "chess.com INT"]
[Date "2025.05.27"]
[Round "7"]
[White "Caprio, Guido"]
[Black "Tikhonov, Viacheslav"]
[Result "1-0"]
[WhiteTitle "IM"]
[BlackTitle "CM"]
[WhiteElo "2435"]
[BlackElo "2183"]
[WhiteFideId "834580"]
[BlackFideId "44196407"]
[EventDate "2025.05.27"]

1. d4 Nf6 2. c4 g6 3. Nf3 Bg7 4. g3 O-O 5. Bg2 c6 6. O-O d5 7. cxd5 cxd5 8. Nc3
Ne4 9. Bf4 Nc6 10. Rc1 Nxc3 11. Rxc3 Qb6 12. Rb3 Qa5 13. a3 Re8 14. e3 f6 15. g4
Bxg4 16. h3 Bh5 17. Rxb7 e5 18. dxe5 fxe5 19. b4 Qa6 20. Qxd5+ Kh8 21. Qf7 Re7
22. Rxe7 Nxe7 23. Bxe5 Nf5 24. Ng5 Rg8 25. Bd5 Qc8 26. Be6 Qf8 27. Bxg7+ Qxg7
28. Qxg8+ Qxg8 29. Bxg8 Kxg8 30. Rc1 Nh4 31. Rc8+ Kg7 32. Kh2 Kf6 33. f4 h6 34.
Rc6+ Kf5 35. Rc5+ Kf6 36. Ne4+ Ke6 37. Kg3 Nf5+ 38. Kf2 1-0